| 000 | 00449nam a2200169 a 4500 | ||
|---|---|---|---|
| 001 | 0000-8749 | ||
| 003 | ELIB.Books | ||
| 008 | 110520 1975 | ||
| 035 | _a(ELIB.Books)0000-8895 | ||
| 082 |
_a230 _bTor |
||
| 100 | _aTorrance, T. F. | ||
| 245 | _aTheology in Reconciliation | ||
| 260 |
_bLondon: Wm B. Eerdmans Publishing Company _c1975 |
||
| 650 | _aTheology - Systematic | ||
| 942 |
_2ddc _cBK |
||
| 998 |
_cbat _e2011-05-20 |
||
| 999 |
_c8749 _d8749 |
||